[Event "AUTO-OPEN-4492"]
[Site "http://www.queenalice.com/game.php?id=1826798"]
[Date "2023.12.9"]
[Round "1"]
[White "tarasch"]
[Black "ThiagoBrumN"]
[Result "1-0"]
[WhiteElo "2135"]
[BlackElo "1695"]

1. d4 d5 2. c4 dxc4 3. e3 Nf6 4. Bxc4 Nc6 5. Nf3 Bg4 6. O-O Qd7 7. Nc3 O-O-O 8.
h3 Bxh3 9. gxh3 Kb8 10. Kg2 g5 11. Nh2 e6 12. Ng4 Be7 13. Nxf6 Bxf6 14. Qf3 h5
15. Qxf6 Rdg8 16. Rg1 g4 17. hxg4 Rxg4+ 18. Kh1 Na5 19. Rxg4 hxg4+ 20. Qxh8+ Qc8
21. Qxc8+ Kxc8 22. Bd3 Nc6 23. a3 b6 24. Be4 Ne7 25. Kg2 Kb8 26. f3 gxf3+ 27.
Bxf3 Nf5 28. Bd2 Nh4+ 29. Kg3 Nf5+ 30. Kf4 Kc8 31. Rh1 Kd7 32. Nb5 a6 33. Na7 f6
34. Rh7+ Ke8 35. Rxc7 Kd8 36. Rf7 Ke8 37. Rxf6 Ke7 38. Rxf5 exf5 39. Kxf5 Kf7
40. d5 Ke7 41. Nc8+ Kd7 42. Nxb6+ Kd6 43. Bb4+ Kc7 44. Nc4 Kd7 45. d6 a5 46.
Nxa5 Kd8 47. Ke6 Ke8 48. d7+ Kd8 49. Be7+ Kc7 50. d8=Q# 1-0

[Event "AUTO-OPEN-4492"]
[Site "http://www.queenalice.com/game.php?id=1826799"]
[Date "2023.12.9"]
[Round "1"]
[White "ThiagoBrumN"]
[Black "tarasch"]
[Result "0-1"]
[WhiteElo "1661"]
[BlackElo "2122"]

1. e4 c5 2. Nf3 d6 3. Bc4 Nf6 4. O-O Nxe4 5. d3 Nf6 6. Nc3 e6 7. Re1 Be7 8. Bg5
O-O 9. h3 a6 10. a3 Nc6 11. Rb1 b5 12. Ba2 Bb7 13. Qd2 Qc7 14. Rbd1 Rac8 15. Kh2
Rfe8 16. b4 cxb4 17. axb4 Nxb4 18. Bb3 Qxc3 19. Qc1 Nfd5 20. Bd2 Qc7 21. c4 Nxd3
22. Qb1 Nxe1 23. Bxe1 bxc4 24. Bc2 Bf6 25. Bd2 h6 26. Qc1 c3 27. Bxh6 gxh6 28.
Qxh6 Bg7 29. Qh7+ Kf8 30. Qh4 Qe7 31. Ng5 Qf6 32. Nh7+ Ke7 33. Nxf6 Bxf6 34. Qe4
Be5+ 35. Kh1 Rc7 36. Qh4+ Bf6 37. Qg3 Rd8 38. Re1 Nb4 39. Bf5 Bd5 40. h4 c2 41.
Rc1 exf5 42. Re1+ Be6 43. Rc1 Na2 44. Ra1 c1=Q+ 45. Rxc1 Rxc1+ 46. Kh2 Be5 47.
f4 Bf6 48. h5 Rh8 49. Qh3 Rc3 50. g3 Rc2+ 51. Kg1 Bd4+ 52. Kf1 Bc4+ 53. Ke1 Bc3+
54. Kd1 Rc1# 0-1

[Event "AUTO-MASTER-3194"]
[Site "http://www.queenalice.com/game.php?id=1826923"]
[Date "2023.12.11"]
[Round "1"]
[White "tarasch"]
[Black "CCapivara"]
[Result "0-1"]
[WhiteElo "2121"]
[BlackElo "2278"]

1. d4 d6 2. c4 Nf6 3. Nc3 c6 4. e4 Nbd7 5. Nf3 e5 6. d5 Be7 7. Bd3 O-O 8. O-O
cxd5 9. cxd5 a6 10. h3 Nc5 11. Bc2 b5 12. Qe2 Bd7 13. a3 Rc8 14. Be3 Be8 15. Nd2
h6 16. Rac1 Nh7 17. Nb3 Nxb3 18. Bxb3 a5 19. Nxb5 Rxc1 20. Rxc1 Bg5 21. Na7 Qb8
22. Bd1 Bxe3 23. Qxe3 Qxb2 24. Nc6 Bxc6 25. Rxc6 Ng5 0-1

[Event "AUTO-MASTER-3194"]
[Site "http://www.queenalice.com/game.php?id=1826924"]
[Date "2023.12.11"]
[Round "1"]
[White "CCapivara"]
[Black "tarasch"]
[Result "1-0"]
[WhiteElo "2301"]
[BlackElo "2128"]

1. e4 c5 2. Nf3 d6 3. d4 cxd4 4. Nxd4 Nf6 5. Nc3 a6 6. Bg5 e6 7. f4 Be7 8. Qf3
Qc7 9. O-O-O Nc6 10. g4 Rb8 11. h4 h6 12. Bxf6 Bxf6 13. Nce2 Nxd4 14. Nxd4 b5
15. g5 Bxd4 16. Rxd4 hxg5 17. hxg5 Rxh1 18. Qxh1 g6 19. Qh8+ Ke7 20. Bh3 Bd7 21.
Qf6+ Ke8 22. e5 dxe5 23. fxe5 Rc8 24. c3 Qd8 25. Qh8+ Ke7 26. Qg7 Qf8 27. Qf6+
Ke8 28. Rh4 Bc6 29. Rh8 1-0

[Event "AUTO-MASTER-3194"]
[Site "http://www.queenalice.com/game.php?id=1826925"]
[Date "2023.12.11"]
[Round "1"]
[White "tarasch"]
[Black "ChessColossos"]
[Result "1-0"]
[WhiteElo "2123"]
[BlackElo "1728"]

1. d4 e6 2. c4 b6 3. a3 Bb7 4. Nf3 Nf6 5. Nc3 d5 6. cxd5 Nxd5 7. e3 c5 8. Bb5+
Bc6 9. Qa4 Bxb5 10. Qxb5+ Qd7 11. Qxd7+ Nxd7 12. O-O cxd4 13. exd4 Nxc3 14. bxc3
Rc8 15. Bb2 Be7 16. Rfc1 O-O 17. c4 Rfd8 18. a4 Bb4 19. Ba3 Bxa3 20. Rxa3 Nf6
21. c5 bxc5 22. dxc5 Rxc5 23. Raa1 Rxc1+ 24. Rxc1 h6 25. h3 1-0

[Event "AUTO-MASTER-3194"]
[Site "http://www.queenalice.com/game.php?id=1826926"]
[Date "2023.12.11"]
[Round "1"]
[White "ChessColossos"]
[Black "tarasch"]
[Result "0-1"]
[WhiteElo "1726"]
[BlackElo "2124"]

1. e4 c5 2. Nf3 d6 3. Bb5+ Nc6 4. Bxc6+ bxc6 5. O-O Nf6 6. Re1 e6 7. d4 cxd4 8.
Nxd4 Bb7 9. Bg5 Be7 10. Nc3 O-O 11. e5 dxe5 12. Rxe5 Nd5 13. Bxe7 Qxe7 14. Nxd5
cxd5 15. Qd2 Rac8 16. b4 Rc4 17. a3 Rfc8 18. f4 Qc7 19. Re2 Qb6 20. Rd1 Rxc2 21.
Qd3 R2c3 22. Qb5 Qxb5 23. Nxb5 Rc1 24. Rxc1 Rxc1+ 25. Kf2 Ba6 0-1

[Event "AUTO-MASTER-3194"]
[Site "http://www.queenalice.com/game.php?id=1826927"]
[Date "2023.12.11"]
[Round "1"]
[White "tarasch"]
[Black "jogador58"]
[Result "1-0"]
[WhiteElo "2091"]
[BlackElo "2227"]

1. d4 Nf6 2. c4 g6 3. Nc3 Bg7 4. e4 d6 5. Nf3 O-O 6. Be2 Nc6 7. O-O e5 8. d5 Ne7
9. Bg5 h6 10. Bh4 g5 11. Bg3 Ng6 12. Re1 Nf4 13. Nd2 Nxe2+ 14. Nxe2 Nh5 15. f3
Nf4 16. Bf2 f5 17. Nxf4 gxf4 18. c5 fxe4 19. Nxe4 Rf7 20. cxd6 cxd6 21. Rc1 Bf8
22. Rc3 Rg7 23. Re2 Bh3 24. Be1 Bf5 25. Qc2 h5 26. Kh1 h4 27. h3 Kh8 28. Qc1 Be7
29. Rc7 Rc8 30. Rec2 Rxc7 31. Rxc7 Qg8 32. Qd2 Bxh3 33. gxh3 Rg1+ 34. Kh2 Bd8
35. Rc8 1-0

[Event "AUTO-MASTER-3194"]
[Site "http://www.queenalice.com/game.php?id=1826928"]
[Date "2023.12.11"]
[Round "1"]
[White "jogador58"]
[Black "tarasch"]
[Result "0-1"]
[WhiteElo "2192"]
[BlackElo "2109"]

1. e4 c5 2. Nf3 d6 3. d4 cxd4 4. Nxd4 Nf6 5. Nc3 a6 6. Be2 e6 7. O-O Be7 8. f4
Qc7 9. Be3 Nc6 10. Bf3 Bd7 11. Qd2 O-O 12. Rad1 Nxd4 13. Bxd4 e5 14. Be3 Bc6 15.
g4 Rfd8 16. Qf2 Rac8 17. g5 Nd7 18. f5 b5 19. a3 f6 20. h4 a5 21. Rd2 Nc5 22.
Rfd1 b4 23. axb4 axb4 24. Nd5 Bxd5 25. Rxd5 Na4 26. gxf6 gxf6 27. Qg2+ Kh8 28.
Kh2 Rg8 29. Qf2 Nxb2 30. R1d2 Nc4 31. Re2 Nxe3 32. Qxe3 Bf8 33. Qb3 Qa7 34. Rd1
Rc3 35. Qe6 Rxf3 36. Qxf6+ Qg7 0-1